| 000 | 00363nam a2200145Ia 4500 | ||
|---|---|---|---|
| 008 | 230917s9999||||xx |||||||||||||| ||und|| | ||
| 040 |
_e44343 _aMAIN |
||
| 041 | _aEnglish | ||
| 082 | _a294.6 G537G:P | ||
| 100 | _aSingh, Gopal | ||
| 245 | 0 | _aProphet of hope: The life of Guru Gobind Singh | |
| 260 |
_aDelhi _bSterling _c1967 |
||
| 300 | _a80 p. | ||
| 942 | _cBK | ||
| 999 |
_c210245 _d210245 |
||